00537nam a22001697a 450000500170000001000130001702000110003003500130004103700140005408200070006810000240007524500650009924600510016426000340021527000980024930000200034720200123151623.0 aB-209214 c200.00 aB-209214 bBPPD/Pub. aک aعصمت چغتاي aعصمت چغتای کے افسانے /cعصمت چغتاي aIsmat Chughtai ke Afsaney /bby Ismat Chughtai aDelhibKitabi Duniyac2006 ء a1955, Gali Nawab Mirza, Moh. Qabristan, Opp. Anglo Arabic School, Turkman GatebDelhie110006 a288p.c22cm(Hb)